[Event "Moscow Smyslov-D"]
[Site "Moscow"]
[Date "2025.06.03"]
[Round "2"]
[White "Dobrovsky, Kirill"]
[Black "Shadyev, Leonard Tim"]
[Result "0-1"]
[WhiteElo "1566"]
[BlackElo "1459"]
[PlyCount "86"]
[EventDate "2025.06.02"]
[EventType "swiss"]
[EventRounds "8"]
[EventCountry "RUS"]
[SourceTitle "CB29_2025"]
[SourceDate "2025.07.16"]
[SourceVersion "1"]
[SourceVersionDate "2025.07.16"]
[SourceQuality "1"]

1. d4 Nf6 2. Nf3 g6 3. Nbd2 Bg7 4. e4 d6 5. Bd3 0-0 6. 0-0 Nbd7 7. e5 dxe5 8. dxe5 Ng4 9. e6 fxe6 10. Ng5 Nde5 11. Qe2 h6 12. h3 Nxf2 13. Rxf2 Rxf2 14. Kxf2 Nxd3+ 15. Qxd3 Qxd3 16. cxd3 hxg5 17. Ne4 g4 18. h4 Bf6 19. g3 b6 20. Rb1 Bb7 21. Bf4 Bxe4 22. dxe4 e5 23. Be3 Rd8 24. Ke2 Kf7 25. b4 c6 26. Rc1 Rd6 27. a4 e6 28. a5 Bd8 29. axb6 Bxb6 30. Rf1+ Kg7 31. Ra1 Bxe3 32. Kxe3 Rd7 33. Ra6 Rc7 34. b5 cxb5 35. Rxe6 a5 36. Rxe5 Rb7 37. Kd2 a4 38. Kc2 b4 39. Ra5 a3 40. Kb3 Kf6 41. Ra6+ Ke5 42. Rxg6 Ra7 43. Rc6 a2 0-1